Normal view
MARC view
Entry Topical Term
001 - CONTROL NUMBER
- control field: 11998
003 - CONTROL NUMBER IDENTIFIER
- control field: BD-RjUL
005 - DATE AND TIME OF LATEST TRANSACTION
- control field: 20240302162935.0
008 - FIXED-LENGTH DATA ELEMENTS
- fixed length control field: 240302|| aca||aabn | a|a d
040 ## - CATALOGING SOURCE
- Original cataloging agency: BD-RjUL
- Transcribing agency: BD-RjUL
150 ## - HEADING--TOPICAL TERM
- Topical term or geographic name entry element: Production of seeds
- General subdivision: Wheat
670 ## - SOURCE DATA FOUND
- Source citation: Work cat.: (BD-RjUL)83193: Khaled, A M, 11997, Effect of planting time, method of nitrogen application and soil amendment on growth pattern for quality seed production in wheat /, 2021